Normal view
MARC view
- Park, Mi-Hwa.
Entry Personal Name
001 - CONTROL NUMBER
- control field: 62930
003 - CONTROL NUMBER IDENTIFIER
- control field: OSt
005 - DATE AND TIME OF LATEST TRANSACTION
- control field: 20241015093030.0
008 - FIXED-LENGTH DATA ELEMENTS
- fixed length control field: 241015|| aca||aabn | a|a d
040 ## - CATALOGING SOURCE
- Original cataloging agency: OSt
100 ## - HEADING--PERSONAL NAME
- Personal name: Park, Mi-Hwa.
- Relator term: author.
